| 000 | 00882nas a22002417a 4500 | ||
|---|---|---|---|
| 005 | 20260602111112.0 | ||
| 008 | 260602b2008 porbr|j|||||| 00| z por d | ||
| 022 | _a1983-2249 | ||
| 040 | _cBR-ViAPE | ||
| 245 | _aEspaço Ambiental | ||
| 260 |
_aVitória _bBalaio Comunicação e Design _c2008 |
||
| 300 |
_av. _bil. |
||
| 310 | _aBimensal | ||
| 362 | _aAno 1, n. 4 (abr. maio 2008) - ano 1, n. 6 (set. out. 2008). | ||
| 500 | _aDisponibilizada apenas a imagem da capa na versão digital, em virtude de restrições de direitos autorais. | ||
| 500 | _aColeção incompleta: disponíveis apenas alguns números do periódico. | ||
| 650 |
_aMeio Ambiente _xAgroenergia _xEntrevista _zEspírito Santo |
||
| 651 |
_aEspírito Santo (Brasil) _vPeriódico |
||
| 700 |
_aCapucho, Wallace _eDiretor |
||
| 710 | _aBalaio Comunicação e Design | ||
| 942 |
_2ddc _cPER _n1 |
||
| 999 |
_c743 _d743 |
||